000 00955nam0a22002531 4500
001 rc\2812897
005 20250806210836.0
035 _a(NLR Aleph) 006938714
090 _a13159
_c13159
100 _a20110915d1944 u y0rusy50 ca
101 0 _arus
102 _aRU
105 _ay z |||||
200 1 _aИнструкции по обслуживанию главных и вспомогательных механизмов кораблей проекта 39
_fНар. ком. Воен.-Мор. Флота СССР, Тех. упр.
210 _aМосква
_cВоенмориздат
_d1944
215 _a36 с.
_d17 см.
712 0 2 _aСССР
_bНар. ком. военно-морского флота
_3RU\NLR\AUTH\8810037786
801 0 _aRU
_bNLR
_gpsbo
801 1 _aRU
_bELAR
_2rusmarc
852 _aNLR
_jТ90 Г-2/77
942 _cBOOK
945 _aРоссийская национальная библиотека
980 _aNB
980 _aBV